000
00272nam a22001337a 4500
003
SGT
082
_a
370
_b
P16S
100
_a
SAIMONS, DR. S. KIRAN
245
_a
PARENTING
260
_a
NEW DELHI
_b
APH PUB
_c
2016
300
_a
141
650
_a
EDUCATION
942
_2
ddc
_c
BK
999
_c
12213
_d
12213